000 00534cam a2200205ua 4500
001 2496
008 150730n ii |||gr||||Z||||||asm
020 _a81-7643-045-5
040 _cMAIN
041 _aasm
082 _a398.09145
100 _aSharma, Nabin Chandra,
_eAuthor.
245 _aAsamiya loka sanskritir abhas
_cby Nabin Chandra Sharma
250 _a4th.
260 _aGuahati:
_bBani prakash pvt. ltd.,
_c2007.
300 _a429p:
_c23cm.
653 _aFolklore
653 _aAsamiya loka sanskritir abhas
942 _cBK
999 _c2350
_d2350